Workbook in Descriptive Lingüistics

Sábháilte in:
Sonraí bibleagrafaíochta
Príomhchruthaitheoir: Gleason, Henry Allan
Formáid: LEABHAR
Teanga:Undetermined
Foilsithe / Cruthaithe: Estados Unidos Holt, Rinehart and Winston 1955
Ábhair:
Clibeanna: Cuir clib leis
Níl clibeanna ann, Bí ar an gcéad duine le clib a chur leis an taifead seo!

MARC

LEADER 00000nam a2200000Ia 4500
008 170316s9999 xx 000 0 und d
090 |a 410 G-11w 
100 |a Gleason, Henry Allan 
245 |a Workbook in Descriptive Lingüistics 
260 |a Estados Unidos 
260 |b Holt, Rinehart and Winston 
260 |c 1955 
300 |a 88 páginas 
650 |a LINGÜÍSTICA 
999 |c 18397  |d 18397 
040 |a cru BVZT 
942 |c 15 D  |h 410 G-11w  |2 z